Statistics for 20 Least Guessed World Countries

Click here to take the quiz!

General Stats

  • This quiz has been taken 30 times
  • The average score is 11 of 20

Answer Stats

% GuessedCountry% Correct
21Tuvalu
79%
23Marshall Islands
75%
20Nauru
75%
20Kiribati
71%
25Solomon Islands
68%
23Vanuatu
68%
21Palau
64%
25Saint Kitts and Nevis
64%
21Saint Vincent and the Grenadines
64%
19São Tomé and Principe
64%
26Cape Verde
61%
25Saint Lucia
61%
24Timor-Leste
57%
20Comoros
54%
25Antigua and Barbuda
50%
26Tonga
50%
22Grenada
46%
25Equatorial Guinea
32%
24Guinea Bissau
21%
25Burundi
18%

Score Distribution

Percentile by Number Answered

Percent of People with Each Score

Your Score History

You have not taken this quiz